| 000 | 01715nam0a2200313 4500 | ||
|---|---|---|---|
| 001 | RU\NLR\bibl\1799706 | ||
| 005 | 20260408191512.0 | ||
| 010 |
_a978-5-7579-1358-2 _9100 |
||
| 021 |
_aRU _b2011-54935 _93914 |
||
| 035 | _a(NLR Aleph) 001790378 | ||
| 090 |
_a1753560 _c1753560 |
||
| 100 | _a20110818d2009 u y0rusy50 ca | ||
| 101 | 0 | _arus | |
| 102 | _aRU | ||
| 105 | _aa ||||||||| | ||
| 200 | 1 |
_aФизика фундаментальных взаимодействий _eучебное пособие _fН.Я. Асадуллина, Я.Я. Асадуллин, Б.А. Тимеркаев _gМ-во образования и науки Рос. Федерации, Федер. агентство по образованию, Гос. образоват. учреждение высш. проф. образования "Казан. гос. техн. ун-т им. А.Н. Туполева" |
|
| 210 |
_aКазань _cИзд-во Казанского государственного технического университета _d2009 |
||
| 215 |
_a139, [1] с. _cил. _d20 |
||
| 320 | _aБиблиогр.: с. 138 (13 назв.) | ||
| 606 |
_aВзаимодействия (физ.) фундаментальные _jУчебные издания для высших учебных заведений _3RU\NLR\auth\661273370 _92106363 |
||
| 686 | _aВ31я73-1 | ||
| 700 | 1 |
_aАсадуллина _bН. Я. _gНаиля Ясавиевна _4070 |
|
| 701 | 1 |
_aАсадуллин _bЯ. Я. _gЯсави Яхиевич _4070 |
|
| 701 | 1 |
_aТимеркаев _bБ. А. _gБорис Ахунович _4070 |
|
| 801 | 0 |
_aRU _bNLR _c20110818 _gRCR |
|
| 801 | 1 |
_aRU _bNLR _c20110818 |
|
| 942 | _cBOOK | ||
| 980 | _aNB | ||